Statistiques concernant Capitales de l'Europe sans indice

Cliquez ici pour prendre le quiz!

Statistiques générales

  • Ce quiz a été pris 184 fois
    (173 depuis la dernière actualisation)
  • Le résultat moyen est 37 sur 45

Statistiques - réponses

Capitales% Correct
Paris
98%
Londres
97%
Madrid
97%
Lisbonne
95%
Berlin
93%
Rome
93%
Dublin
92%
Oslo
91%
Luxembourg
90%
Moscou
89%
Amsterdam
88%
Berne
88%
Budapest
88%
Bruxelles
87%
Bucarest
87%
Helsinki
87%
Kiev
86%
Stockholm
86%
Vatican
86%
Vienne
86%
Andorre-La-Vieille
84%
Athènes
84%
Monaco
84%
Varsovie
84%
La Valette
83%
Prague
83%
Copenhague
82%
Zagreb
82%
Riga
81%
Saint-Marin
80%
Reykjavik
79%
Minsk
76%
Vilnius
76%
Tallinn
75%
Sofia
74%
Belgrade
73%
Ljubljana
73%
Tirana
73%
Bratislava
72%
Sarajevo
70%
Vaduz
69%
Skopje
67%
Chisinau
65%
Podgorica
60%
Pristina
59%

Distribution des résultats

Percentile par nombre de réponses

% des personnes avec chaque résultat

Votre développement - résultats

Vous n’avez pas pris ce quiz depuis la dernière actualisation